| 000 | 00430nam a2200157Ia 4500 | ||
|---|---|---|---|
| 008 | 221030s9999 xx 000 0 und d | ||
| 041 | _aEnglish | ||
| 082 | _a105.23 | ||
| 100 | _aJ. Millman | ||
| 245 | 0 |
_aIntegrated Electronics : Analog & Digital Circuits & Systems _cby J. Millman, C. C. Halkias |
|
| 260 |
_bMcGraw Hill Pub. _aNew York _c1972 |
||
| 300 | _a911 | ||
| 650 | _aECE | ||
| 700 | _aC. C. Halkias | ||
| 942 | _cBK | ||
| 999 |
_c10670 _d10670 |
||